000 00556cab a2200181 4500
001 X727
008 090401t xxu||||| |||| 00| 0 eng d
035 _a(Sirsi) u67241
041 _aeng
245 _aPlanning and development consultancy - 30 years on
350 _a0
490 _aCS Monthly : Planning and Development bulletin
_v2(8) May 193, 4-5(2)
650 _aNATHANIEL LICHFIELD AND PARTNERS
650 _aPLANNING AND DEVELOPMENT SURVEYORS
690 _aMANAGEMENT-BUSINESS MANAGEMENT-PROFESSIONAL PRACTICE
942 _n0
948 _c04/03/1997
999 _c42078
_d42078